[Event "Larsens Nordjyske Mindeturnering2018"]
[Site "KATEDRALSKOLEN AALBORG"]
[Date "2018.10.14"]
[Round "2.10"]
[White "Stausholm Jepsen, Thomas"]
[Black "Nørdgaard Olesen, Poul Erik"]
[Result "0-1"]
[BlackElo "2004"]
[WhiteElo "2180"]
[LiveChessVersion "1.4.8"]

1. Nf3 {[%clk 1:30:40]} Nf6 {[%clk 1:30:46]} 2. g3 {[%clk 1:31:06]} g6
{[%clk 1:31:08]} 3. Bg2 {[%clk 1:31:31]} Bg7 {[%clk 1:31:35]} 4. O-O
{[%clk 1:31:51]} O-O {[%clk 1:31:57]} 5. d3 {[%clk 1:32:19]} d6 {[%clk 1:32:00]}
6. e4 {[%clk 1:32:31]} c6 {[%clk 1:32:00]} 7. Nbd2 {[%clk 1:32:19]} Nbd7
{[%clk 1:31:14]} 8. Re1 {[%clk 1:32:07]} Qc7 {[%clk 1:29:05]} 9. Nf1
{[%clk 1:31:53]} a5 {[%clk 1:24:21]} 10. h4 {[%clk 1:30:37]} h6 {[%clk 1:19:55]}
11. N3h2 {[%clk 1:30:52]} e5 {[%clk 1:17:22]} 12. g4 {[%clk 1:23:34]} Nc5
{[%clk 1:16:06]} 13. Ng3 {[%clk 1:23:08]} Ne6 {[%clk 1:13:05]} 14. c3
{[%clk 1:21:20]} Nf4 {[%clk 1:09:24]} 15. Bf3 {[%clk 1:11:37]} Qb6
{[%clk 1:03:29]} 16. Qc2 {[%clk 1:03:39]} Be6 {[%clk 0:56:27]} 17. Be3
{[%clk 1:03:00]} Qc7 {[%clk 0:56:00]} 18. Qd2 {[%clk 1:00:48]} g5
{[%clk 0:55:12]} 19. hxg5 {[%clk 0:51:39]} hxg5 {[%clk 0:53:58]} 20. d4
{[%clk 0:50:25]} Qd7 {[%clk 0:50:42]} 21. Nf5 {[%clk 0:49:21]} Rad8
{[%clk 0:44:30]} 22. Bxf4 {[%clk 0:32:28]} exf4 {[%clk 0:43:31]} 23. e5
{[%clk 0:32:45]} dxe5 {[%clk 0:40:17]} 24. Rxe5 {[%clk 0:33:01]} Nxg4
{[%clk 0:36:27]} 25. Bxg4 Bxe5 {[%clk 0:34:28]} 26. Qd3 {[%clk 0:05:17]} Bg7
{[%clk 0:21:46]} 27. Qh3 {[%clk 0:05:41]} Rfe8 {[%clk 0:20:48]} 28. Nf3
{[%clk 0:04:32]} f6 {[%clk 0:17:52]} 29. Kg2 {[%clk 0:04:21]} Bxf5
{[%clk 0:11:58]} 30. Bxf5 {[%clk 0:04:44]} Qd5 {[%clk 0:11:51]} 31. Qh7+
{[%clk 0:03:41]} Kf8 {[%clk 0:12:19]} 32. b3 {[%clk 0:03:33]} Qg8
{[%clk 0:09:55]} 33. Qh5 {[%clk 0:03:50]} Re7 {[%clk 0:08:45]} 34. c4
{[%clk 0:04:00]} Qf7 {[%clk 0:08:19]} 35. Bg6 {[%clk 0:03:48]} Qe6
{[%clk 0:07:56]} 36. d5 {[%clk 0:03:03]} cxd5 {[%clk 0:07:25]} 37. Re1
{[%clk 0:02:06]} Qd6 {[%clk 0:07:05]} 38. Rxe7 {[%clk 0:02:10]} Qxe7
{[%clk 0:06:27]} 39. Nd4 {[%clk 0:00:56]} dxc4 {[%clk 0:06:03]} 40. Qd1
{[%clk 0:00:35]} Rd6 {[%clk 0:04:55]} 41. bxc4 {[%clk 0:25:25]} Qe5
{[%clk 0:33:58]} 42. Qb3 {[%clk 0:24:35]} Qxd4 {[%clk 0:31:17]} 43. Qxb7
{[%clk 0:21:16]} Rd7 {[%clk 0:31:08]} 44. Qc8+ {[%clk 0:20:49]} Rd8
{[%clk 0:30:53]} 45. Qc7 {[%clk 0:16:41]} Qd7 {[%clk 0:28:54]} 46. Qc5+
{[%clk 0:17:09]} Kg8 {[%clk 0:27:57]} 47. Bf5 {[%clk 0:17:34]} Qb7+
{[%clk 0:27:26]} 48. Kh2 {[%clk 0:12:41]} Qf3 {[%clk 0:24:07]} 49. Be6+
{[%clk 0:13:00]} Kh8 {[%clk 0:24:18]} 50. Bd5 {[%clk 0:13:19]} Qh5+
{[%clk 0:23:28]} 51. Kg2 {[%clk 0:13:23]} Qg4+ {[%clk 0:23:33]} 52. Kh2
{[%clk 0:13:36]} f3 {[%clk 0:23:31]} 0-1

[Event "Larsens Nordjyske Mindeturnering2018"]
[Site "KATEDRALSKOLEN AALBORG"]
[Date "2018.10.14"]
[Round "2.11"]
[White "Andersen, Kaj"]
[Black "Hammar, Bengt"]
[Result "1-0"]
[BlackElo "2178"]
[WhiteElo "2023"]
[LiveChessVersion "1.4.8"]

1. e4 {[%clk 1:30:55]} c5 {[%clk 1:30:28]} 2. Nf3 {[%clk 1:31:19]} d6
{[%clk 1:30:33]} 3. d4 {[%clk 1:31:43]} cxd4 {[%clk 1:30:19]} 4. Nxd4
{[%clk 1:32:12]} Nf6 {[%clk 1:30:27]} 5. Nc3 {[%clk 1:32:31]} a6 {[%clk 1:29:52]}
6. Bg5 {[%clk 1:32:50]} Nbd7 {[%clk 1:30:06]} 7. f4 {[%clk 1:30:05]} Qb6
{[%clk 1:30:07]} 8. Nb3 {[%clk 1:29:09]} h6 {[%clk 1:25:50]} 9. Bxf6
{[%clk 1:28:33]} Nxf6 {[%clk 1:26:11]} 10. Qd4 {[%clk 1:27:17]} Qxd4
{[%clk 1:24:07]} 11. Nxd4 {[%clk 1:27:45]} e5 {[%clk 1:23:31]} 12. fxe5
{[%clk 1:19:13]} dxe5 {[%clk 1:23:27]} 13. Nf3 {[%clk 1:18:27]} Bb4
{[%clk 1:23:30]} 14. Bd3 {[%clk 1:18:10]} O-O {[%clk 1:21:21]} 15. Kd2
{[%clk 1:12:40]} Re8 {[%clk 1:19:15]} 16. a3 {[%clk 1:11:33]} Bc5
{[%clk 1:18:09]} 17. Rae1 {[%clk 1:10:39]} Bg4 {[%clk 1:12:03]} 18. Rhf1
{[%clk 1:09:27]} Rad8 {[%clk 1:09:55]} 19. Kc1 {[%clk 1:04:28]} b5
{[%clk 1:06:52]} 20. Nh4 {[%clk 1:00:11]} Bd4 {[%clk 0:56:30]} 21. Nd1
{[%clk 0:56:15]} Bxd1 {[%clk 0:52:44]} 22. Rxd1 {[%clk 0:56:17]} Ng4
{[%clk 0:50:33]} 23. Rf3 {[%clk 0:43:27]} Nxh2 {[%clk 0:47:16]} 24. Rh3
{[%clk 0:42:42]} Ng4 {[%clk 0:47:36]} 25. Rf1 {[%clk 0:38:53]} Nf2
{[%clk 0:46:23]} 26. Rg3 {[%clk 0:37:16]} g6 {[%clk 0:41:10]} 27. Nf5
{[%clk 0:31:22]} h5 {[%clk 0:38:45]} 28. Nh6+ {[%clk 0:25:29]} Kg7
{[%clk 0:38:26]} 29. Nf5+ {[%clk 0:25:37]} Kf8 {[%clk 0:37:35]} 30. Nxd4
{[%clk 0:23:14]} Nxd3+ {[%clk 0:37:57]} 31. cxd3 {[%clk 0:23:34]} Rxd4
{[%clk 0:38:10]} 32. Rxg6 {[%clk 0:23:54]} Rxd3 {[%clk 0:37:35]} 33. Rxa6
{[%clk 0:23:57]} Re7 {[%clk 0:32:23]} 34. Rb6 {[%clk 0:20:06]} Rc7+
{[%clk 0:28:54]} 35. Kb1 {[%clk 0:18:47]} Re3 {[%clk 0:27:49]} 36. Rxb5
{[%clk 0:19:00]} Rxe4 {[%clk 0:28:12]} 37. Rf5 {[%clk 0:18:47]} Re1+
{[%clk 0:27:06]} 38. Ka2 {[%clk 0:19:06]} e4 {[%clk 0:26:56]} 39. Rxh5
{[%clk 0:17:36]} e3 {[%clk 0:25:26]} 40. Rhe5 {[%clk 0:15:34]} Rc2
{[%clk 0:24:11]} 41. Rb3 {[%clk 0:12:00]} e2 {[%clk 0:19:20]} 42. Rbe3
{[%clk 0:11:30]} Rd2 {[%clk 0:18:26]} 43. a4 {[%clk 0:07:35]} f6 {[%clk 0:17:48]}
44. Re7 {[%clk 0:05:02]} f5 {[%clk 0:16:48]} 45. R7e5 {[%clk 0:02:34]} f4
{[%clk 0:14:38]} 46. R3e4 {[%clk 0:02:37]} Kg7 {[%clk 0:14:26]} 47. a5
{[%clk 0:29:58]} Kf6 {[%clk 0:44:07]} 48. a6 {[%clk 0:30:06]} Rdd1
{[%clk 0:43:11]} 49. Rxe2 {[%clk 0:26:28]} Ra1+ {[%clk 0:43:23]} 50. Kb3
{[%clk 0:26:52]} Rxe2 {[%clk 0:43:32]} 51. Rxe2 {[%clk 0:27:20]} Rxa6
{[%clk 0:44:00]} 52. Kc4 {[%clk 0:26:13]} Ra2 {[%clk 0:43:21]} 53. Kd3
{[%clk 0:24:15]} Kf5 {[%clk 0:43:23]} 54. b4 {[%clk 0:24:14]} Ra8
{[%clk 0:41:26]} 55. Kc4 {[%clk 0:23:37]} Kg4 {[%clk 0:41:02]} 56. b5
{[%clk 0:23:35]} Kg3 {[%clk 0:41:03]} 57. b6 {[%clk 0:23:40]} Ra1
{[%clk 0:40:07]} 58. Rb2 {[%clk 0:22:55]} 1-0

[Event "Larsens Nordjyske Mindeturnering2018"]
[Site "KATEDRALSKOLEN AALBORG"]
[Date "2018.10.14"]
[Round "2.12"]
[White "Grønhøj, Benny"]
[Black "Wahlborn, Magnus"]
[Result "0-1"]
[BlackElo "2159"]
[WhiteElo "2000"]
[LiveChessVersion "1.4.8"]

1. e4 {[%clk 1:30:58]} c5 {[%clk 1:30:43]} 2. Nf3 {[%clk 1:31:15]} d6
{[%clk 1:30:57]} 3. d4 {[%clk 1:31:29]} cxd4 {[%clk 1:31:20]} 4. Nxd4
{[%clk 1:31:52]} Nf6 {[%clk 1:31:44]} 5. Nc3 {[%clk 1:31:39]} a6 {[%clk 1:31:58]}
6. Be2 {[%clk 1:29:09]} e5 {[%clk 1:31:14]} 7. Nb3 {[%clk 1:28:43]} Be7
{[%clk 1:30:12]} 8. Be3 {[%clk 1:27:36]} Be6 {[%clk 1:27:24]} 9. Nd5
{[%clk 1:24:15]} Nxd5 {[%clk 1:24:48]} 10. exd5 {[%clk 1:22:52]} Bf5
{[%clk 1:23:07]} 11. O-O {[%clk 1:22:06]} Nd7 {[%clk 1:21:23]} 12. c4
{[%clk 1:19:55]} Bg6 {[%clk 1:17:09]} 13. f4 {[%clk 1:16:40]} exf4
{[%clk 1:15:22]} 14. Bxf4 {[%clk 1:12:53]} O-O {[%clk 1:14:03]} 15. Bd3
{[%clk 1:09:00]} Qb6+ {[%clk 1:03:41]} 16. Kh1 {[%clk 1:09:03]} Bf6
{[%clk 1:02:53]} 17. Bxg6 {[%clk 1:07:37]} hxg6 {[%clk 1:03:15]} 18. Qd2
{[%clk 1:05:56]} Rfe8 {[%clk 0:52:42]} 19. Rae1 {[%clk 0:57:00]} Rac8
{[%clk 0:48:28]} 20. Qd3 {[%clk 0:44:42]} Bxb2 {[%clk 0:43:16]} 21. Qh3
{[%clk 0:34:10]} Qc7 {[%clk 0:38:42]} 22. Rb1 {[%clk 0:29:22]} Be5
{[%clk 0:37:32]} 23. Be3 {[%clk 0:27:39]} Nb6 {[%clk 0:25:28]} 24. Nd2
{[%clk 0:19:54]} Nxc4 {[%clk 0:23:01]} 25. Nxc4 {[%clk 0:12:59]} Qxc4
{[%clk 0:22:56]} 26. Rbc1 {[%clk 0:12:25]} Qb5 {[%clk 0:22:59]} 27. Rb1
{[%clk 0:08:26]} Qxd5 {[%clk 0:20:56]} 28. Rfd1 {[%clk 0:02:52]} Qe4
{[%clk 0:18:24]} 29. Bg1 {[%clk 0:02:08]} b5 {[%clk 0:16:59]} 30. Rbc1
{[%clk 0:02:17]} Qb7 {[%clk 0:12:45]} 31. Qb3 {[%clk 0:02:10]} Rxc1
{[%clk 0:12:30]} 32. Rxc1 {[%clk 0:02:38]} Rc8 {[%clk 0:12:14]} 33. Rf1
{[%clk 0:02:57]} Rc3 {[%clk 0:11:14]} 34. Qd1 {[%clk 0:03:13]} Qe4
{[%clk 0:10:45]} 35. Qd2 {[%clk 0:02:45]} Rc2 {[%clk 0:10:22]} 36. Qg5
{[%clk 0:02:49]} f6 {[%clk 0:10:33]} 0-1